000 01260nam a22003617a 4500
003 CHAP
005 20220329134409.0
008 971013s1978 r 00010 d
010 _a19924
011 _a20896
035 _a24985
040 _cCHAP
090 _aTesis
100 0 0 _aAngel Palomares, Maria Ercelia.
_95756
245 _aCultivo de anteras "in vitro" de Fragaria spp. como método para la obtención de plantas haploides
260 _aChapingo, Méx., :
_bEl autor,
_c1978
300 _a81 h.
_b: ilus. ; gráfs
502 _aTesis (M.C. Esp. en Genética) -- ENA. Colegio de Postgraduados. Rama de la Genética
590 _aALEPH
_b10
_c20130110
_lUCH01
_h1243
590 _aBATCH-UPD
_b10
_c20130110
_lUCH01
_h2033
590 _aBATCH-UPD
_b10
_c20130410
_lUCH01
_h1349
590 _aBATCH-UPD
_b10
_c20130914
_lUCH01
_h1115
590 _aCONVERSION
_b10
_c20130109
_lUCH01
_h1312
650 1 4 _aCultivo de tejidos.
_930213
650 1 4 _aFresa
_xGenética.
_943210
650 1 4 _aFresa
_xPropagación.
_943229
901 _aBK
942 _cFOLL
949 _bBC
_cTES
_d-57654
_eTS1
_i24985
_si
949 _bBC
_cTES
_d-57656
_eTS2
_fc.2
_i24985
_si
949 _bBC
_cTES
_d-57657
_eTS2
_fc.3
_i24985
_si
949 _bBC
_cTES
_d-57658
_eTS2
_fc.4
_i24985
_si
999 _c19924
_d19924